000
00456nam a2200145Ia 4500
008
100122s9999 xx 000 0 und d
082
_b
28702
_a
823
100
_a
जोशी शशिकांत
245
_a
नेत्र निरांजनी
260
_b
राधा प्रकाशन
_c
1980
300
_a
74
630
_a
नेत्र निरांजनी
730
_a
नेत्र निरांजनी
942
_c
BOOK
999
_c
414290
_d
414287